Historia de la psicología / (Record no. 126500)

MARC details
000 -LEADER
campo de control de longitud fija 00638nam a2200217 4500
001 - NÚMERO DE CONTROL
campo de control 126500
003 - IDENTIFICADOR DE NÚMERO DE CONTROL
campo de control ES-MaACL
007 - CAMPO FIJO DE DESCRIPCIÓN FÍSICA--INFORMACIÓN GENERAL
campo de control de longitud fija t|
008 - DATOS DE LONGITUD FIJA--INFORMACIÓN GENERAL
campo de control de longitud fija 070214s1982 sp r ||||1| spa d
020 ## - NÚMERO INTERNACIONAL ESTÁNDAR DEL LIBRO
Número Internacional Estándar del Libro 84-7509-159-8
100 1# - ENTRADA PRINCIPAL--NOMBRE DE PERSONA
Nombre de persona Reuchlin, Maurice.
9 (RLIN) 96372
245 10 - MENCIÓN DEL TÍTULO
Título Historia de la psicología /
Mención de responsabilidad, etc. Maurice Reuchlin ; traducción de Carlos A. Duval.
250 ## - MENCION DE EDICION
Mención de edición 1ª. ed. de la ed. rev.
260 ## - PUBLICACIÓN, DISTRIBUCIÓN, ETC.
Lugar de publicación, distribución, etc. Barcelona :
Nombre del editor, distribuidor, etc. Paidos,
Fecha de publicación, distribución, etc. 1982.
300 ## - DESCRIPCIÓN FÍSICA
Extensión 132 p. ;
Dimensiones 19 cm.
490 1# - MENCIÓN DE SERIE
Mención de serie Studio ;
Designación de volumen o secuencia 24
700 1# - ENTRADA AGREGADA--NOMBRE PERSONAL
Nombre de persona Duval, Carlos A.
9 (RLIN) 46369
830 0# - PUNTO DE ACCESO ADICIONAL DE SERIE-TÍTULO UNIFORME
Título uniforme Studio ;
Designación de volumen o secuencia 24
9 (RLIN) 183890
852 ## - LOCALIZACIÓN
Ubicación ES-MaACL
Número de control de estantería L-9725
Sublocalización o colección R.111800
Holdings
Estatus retirado Estado de pérdida Estado de daño No para préstamo Biblioteca de origen Biblioteca actual Ubicación en estantería Fecha de adquisición Fuente de adquisición Total de préstamos Signatura topográfica completa Código de barras Visto por última vez Precio de reemplazo Tipo de ítem Koha
        Biblioteca del Ateneo de Madrid Biblioteca del Ateneo de Madrid Depósito 2 17/01/2008     L-9725 1131758 23/02/2023 23/02/2023 Libro impreso